000 00544nam a2200229Ia 4500
005 20250425161236.0
008 250425s9999 xx 000 0 und d
041 _aspa
082 _a621
100 _aHAUSER, WALTER
245 0 _aINTRODUCCION A LOS PRINCIPIOS DE MECANICA
250 _aS.E.
260 _aMEXICO
260 _aMéxico
_bUTEHA
_c1969
300 _a580
650 _aDINAMICA
650 _aFISICA-MECANICA
650 _aMECANICA APLICADA
700 _aCARLOS ORDOÑES
_etraductor
942 _c01
010 _a15936
999 _c205274
_d205274